Statistics for Every NBA Defensive Player of the Year Award

Click here to take the quiz!

General Stats

  • This quiz has been taken 98 times
    (31 since last reset)
  • The average score is 28 of 38

Answer Stats

YearPlayer% Correct
2020Giannis Antetokounmpo
93%
1988Michael Jordan
93%
1993 | 1994Hakeem Olajuwon
89%
2018 | 2019Rudy Gobert
89%
1995 | 1997 | 1998 | 2001Dikembe Mutombo
86%
2002 | 2003 | 2005 | 2006Ben Wallace
82%
1992David Robinson
82%
2009 | 2010 | 2011Dwight Howard
82%
2015 | 2016Kawhi Leonard
82%
1990 | 1991Dennis Rodman
75%
2014Joakim Noah
75%
1996Gary Payton
75%
2017Draymond Green
71%
2008Kevin Garnett
71%
2013Marc Gasol
64%
1999 | 2000Alonzo Mourning
57%
1987Michael Cooper
50%
2004Ron Artest
50%
1985 | 1989Mark Eaton
50%
1983 | 1984Sidney Moncrief
50%
1986Alvin Robertson
46%
2007Marcus Camby
43%
2012Tyson Chandler
39%

Score Distribution

Percentile by Number Answered

Percent of People with Each Score

Your Score History

You have not taken this quiz since the last reset